000 00288nam a22001217a 4500
008 181015b xxu||||| |||| 00| 0 eng d
041 _aeng
080 _a616.053
100 _a8
101 _aPED
245 _aPediatric Respiratory Intensive Hand book
_cLevin.R.M
942 _2udc
_cBK
999 _c49772
_d49772